| 000 | 00572cam a22001217a 4500 | ||
|---|---|---|---|
| 008 | 180718b1978 xxu||||| |||| 00| 0 eng d | ||
| 082 | _aT2055x54 Al51 | ||
| 245 |
_aAll-India directory of industrial establishments (list of registered factories, 1978) _cby Labour Bureau, Ministry of Labour and Rehabilitation |
||
| 260 |
_aShimla _bLabour Bureau, Ministry of Labour and Rehabilitation _c1978 |
||
| 300 | _a-v- | ||
| 500 | _aContents: v.1.159p.; v.2. 172p.; v.3. 146p.; v.4. 179p; v.5. 371p.; v.6. 371p. | ||
| 700 | _aIndia. Ministry of Labour and Rehabilitation. Labour Bureau | ||
| 999 |
_c491749 _d491749 |
||